000
00481nam a2200145Ia 4500
008
100204s9999 xx 000 0 und d
082
_b
24965
100
_a
जोशी प्रकाश . माहिमकर रविंद्र्र
245
_a
मावळमौजा
260
_b
"आपलं प्रकाशन, मुंबई"
_c
2001
300
_a
212
630
_a
मावळमौजा
730
_a
मावळमौजा
942
_c
BOOK
999
_c
470145
_d
470142